000 00319nam a22001337a 4500
020 _qPB.
040 _cFizza Ishaq
082 _a297
_bGHA
100 _aGhazali, M, AL
_955351
245 _aMuslim Characters /
_cM. AL-Ghazali
260 _alahore :
_badam publishers,
_c2005.
300 _a53 p. ;
942 _2ddc
_cBKB
999 _c566185
_d566185